La enseñanza como actividad crítica / (Record no. 122039)

MARC details
000 -LEADER
campo de control de longitud fija 00640nam a2200205 4500
001 - NÚMERO DE CONTROL
campo de control 122039
003 - IDENTIFICADOR DE NÚMERO DE CONTROL
campo de control ES-MaACL
005 - FECHA Y HORA DE LA ÚLTIMA TRANSACCIÓN
campo de control 20250522202412.0
007 - CAMPO FIJO DE DESCRIPCIÓN FÍSICA--INFORMACIÓN GENERAL
campo de control de longitud fija t|
008 - DATOS DE LONGITUD FIJA--INFORMACIÓN GENERAL
campo de control de longitud fija 070214s1973 sp r ||||1| spa d
100 1# - ENTRADA PRINCIPAL--NOMBRE DE PERSONA
Nombre de persona Postman, Neil.
9 (RLIN) 93366
245 13 - MENCIÓN DEL TÍTULO
Título La enseñanza como actividad crítica /
Mención de responsabilidad, etc. Neil Postman, Charles Weingartner ; traducción de Ramón Ribé.
250 ## - MENCION DE EDICION
Mención de edición 1ª. ed.
260 ## - PUBLICACIÓN, DISTRIBUCIÓN, ETC.
Lugar de publicación, distribución, etc. Barcelona :
Nombre del editor, distribuidor, etc. Fontanella,
Fecha de publicación, distribución, etc. 1973.
300 ## - DESCRIPCIÓN FÍSICA
Extensión 240 p. ;
Dimensiones 21 cm.
700 1# - ENTRADA AGREGADA--NOMBRE PERSONAL
Nombre de persona Weingartner, Charles.
9 (RLIN) 116364
700 1# - ENTRADA AGREGADA--NOMBRE PERSONAL
Nombre de persona Ribé i Queralt, Ramon,
Fechas asociadas al nombre 1943-
9 (RLIN) 96746
852 ## - LOCALIZACIÓN
Ubicación ES-MaACL
Número de control de estantería C-53442
Sublocalización o colección R.86533
Holdings
Estatus retirado Estado de pérdida Estado de daño No para préstamo Biblioteca de origen Biblioteca actual Ubicación en estantería Fecha de adquisición Fuente de adquisición Total de préstamos Signatura topográfica completa Código de barras Visto por última vez Precio de reemplazo Tipo de ítem Koha
        Biblioteca del Ateneo de Madrid Biblioteca del Ateneo de Madrid Depósito 2 17/01/2008     C-53442 1127178 23/02/2023 23/02/2023 Libro impreso